Chemistry of amino-acids and proteins

Guardat en:
Dades bibliogràfiques
Autor principal: SINGH, G.
Format: Llibre
Idioma:anglès
Publicat: Discovery Publishers 2011
Etiquetes: Afegir etiqueta
Sense etiquetes, Sigues el primer a etiquetar aquest registre!

MARC

LEADER 00000nam a22000007a 4500
008 210427b ||||| |||| 00| 0 eng d
020 |a 83-8356-323-6 
100 |a SINGH, G. 
245 |a Chemistry of amino-acids and proteins  |c G. Singh  |g  320p; ill. 
260 |b Discovery Publishers  |c 2011  |h New Delhi.  |i 691728  |i 691729  |l QD431.5 Si6  |m Proteins – Analysis  |m Amino acids – Analysis 
942 |a lcc  |c BK  |e Adekanye, I. H.  |f 27/04/2021 
952 |0 0  |1 0  |2 lcc  |4 0  |6 QD04315 S I6  |7 0  |9 2364  |a HOL  |b RF  |c QZ  |d 2021-04-27  |l 0  |o QD431.5 Si6  |p 2021-6217  |r 2021-04-27 00:00:00  |w 2021-04-27  |y BK 
952 |0 0  |1 0  |2 lcc  |4 0  |6 QD04315 S I6  |7 0  |9 2366  |a HOL  |b SL  |c QZ  |d 2021-04-27  |l 0  |o QD431.5 Si6  |p 2021-6218  |r 2021-04-27 00:00:00  |w 2021-04-27  |y BK 
999 |c 1220  |d 1220